| 000 | 00804nam a2200265 a 4500 | ||
|---|---|---|---|
| 001 | 000009027 | ||
| 003 | DO-SdBNP | ||
| 005 | 20240412074209.0 | ||
| 007 | ta | ||
| 008 | 090923s1997 dr 000 p spa d | ||
| 020 | _a8489539553 | ||
| 040 |
_aDO-SdBNP _bspa _cBNPHU |
||
| 049 | _aBNPD | ||
| 082 | 4 |
_aRD861.44 _bA516L _222 |
|
| 100 | 1 |
_aAmiama Tio, Fernando Arturo _923662 |
|
| 245 | 1 | 0 |
_aLejanía : _b(poemas) / _cFernando Amiama Tio ; prólogo Tomás Casals Pastoriza. |
| 260 |
_aSanto Domingo : _bDe Colores, _c1997. |
||
| 300 |
_a87 p. ; _c21 cm. |
||
| 590 | _aInventariado, 2018/VM | ||
| 650 | 4 |
_aPoesía dominicana _966 |
|
| 650 | 0 |
_aLiteratura dominicana. _967 |
|
| 700 | 1 |
_aCasals Pastoriza, Tomás, _eprólogo _923663 |
|
| 910 | _aValidado. Control de calidad. MMOLINA | ||
| 942 |
_2ddc _cLBS1 |
||
| 999 |
_c8791 _d8791 |
||